Statystyki dla Quiz o Barbadosie

Kliknij tutaj aby rozwiązać quiz!

Ogólne statystyki

  • Ten quiz został rozwiązany 106 razy
  • Średni wynik to 8 z 12

Statystyki odpowiedzi

WskazówkaOdpowiedź% Poprawnych
Język urzędowyAngielski
96%
Broń przedstawiona na fladze (symbol boga Posejdona)Trójząb
88%
Międzynarodowa piosenkarka popowa z Barbadosu (ur. 1988 jako Robyn Fenty)Rihanna
77%
Barbados to najbardziej wysunięta na wschód wyspa w tym łańcuchuMałe Antyle
74%
StolicaBridgetown
73%
Najpopularniejszy sportKrykiet
70%
Przemysł, który stanowi około 35% PKB BarbadosuTurystyka
66%
Barbados jest domem dla czterech rodzajów tego zwierzęcia: zielonego,
karetta, szylkretowego i skórzastego
{Żółw} morski
60%
Główne uprawy na Barbados w czasach kolonialnychCukier
49%
Napój produkowany przez firmę Mount Gay od 1703 rokuRum
48%
Wyspa jest podzielona na 11 z tych jednostek administracyjnych (zaczyna się na P)Parafie
44%
Owoc przypadkowo odkryty na Barbadosie, skrzyżowanie pomarańczy i pomeloGrejfrut
38%

Rozkład punktacji

Percentyl według liczby udzielonych odpowiedzi

Procent ludzi z każdym wynikiem

Twoja historia wyników

Nie rozwiązałeś tego quizu